| 000 | 00769nam a2200217 i 4500 | ||
|---|---|---|---|
| 001 | 106443 | ||
| 003 | ES-MaACL | ||
| 005 | 20230906184140.0 | ||
| 007 | t| | ||
| 008 | 061121s1991 sp ||||1| spa d | ||
| 020 | _a84-7483-858-4 | ||
| 080 | _a903/904:069(460.27 M.) | ||
| 100 | 1 |
_aMañueco Santurtún, Carmen. _976266 |
|
| 245 | 1 | 0 |
_aEdad Moderna _b: salas XXXVII-XL [del Museo Arqueológico Nacional] / _cMª del Carmen Mañueco Santurtún. |
| 260 |
_aMadrid : _bMuseo Arqueológico Nacional, _c[1991] |
||
| 300 |
_ap. 115-160 : _bil. ; _c30 cm. |
||
| 500 | _aTomo II, Separata III. | ||
| 610 | 2 | 7 |
_aMuseo Arqueológico Nacional (España)- _vGuías. _95828 |
| 710 | 2 |
_aMuseo Arqueológico Nacional (España) _95827 |
|
| 852 |
_aES-MaACL _j2198-F-21 _bR.138177 |
||
| 999 |
_c106443 _d106443 |
||